000 00485nam a2200193 a 4500
001 1761722951462
003 YourLibrary
005 20251029130106.0
008 251029s1995##################000#0#eng##
020 _a9780415044448
082 0 4 _a611.0092
_bSAW
100 1 _aSawday, Jonathan,
_eauthor.
245 1 0 _aThe Body Emblazoned :
260 _bBurns & Oates,
_c1995.
300 _a327 pages
650 0 _aArt.
942 _cENGLISH
040 _aYourLibrary
_beng
_cYourLibrary
999 _c594531
_d594531